El club Dante

Spremljeno u:
Bibliografski detalji
Glavni autor: Pearl, Matthew (autor)
Format: Knjiga
Jezik:španjolski
Izdano: Barcelona Seix Barral 2004
Izdanje:1a. ed
Teme:
Oznake: Dodaj oznaku
Bez oznaka, Budi prvi tko označuje ovaj zapis!

MARC

LEADER 00000cam a2200000 a 4500
001 UCG6624
003 CL-VaPUC
008 110509e20040500SP |||||||||||||||||spa|d
020 |a 8432296384 
082 0 4 |a 813  |b PEA  |2 21 
100 |a Pearl, Matthew  |e autor  |9 556928 
245 1 3 |a El club Dante 
250 |a 1a. ed 
300 |a 470 p 
942 |c BK 
945 |d 20110509 00:00:00  |a jcampos 
260 |a Barcelona  |b Seix Barral  |c 2004 
650 0 |a Literatura estadounidense  |9 317168 
650 7 |a NARRADORES ESTADOUNIDENSES  |2 CL-VaPUC  |9 556929 
583 |a last modification  |c 20160803 12:26:18  |k Rodrigo Vera 
999 |c 344786  |d 344784 
952 |0 0  |1 0  |4 0  |6 813_000000000000000_PEA_2004  |7 0  |8 C  |9 442979  |a BIBCUR  |b BIBCUR  |d 2019-11-22  |i 4767128  |l 1  |o 813 PEA 2004  |p 4767128  |r 2025-04-22  |s 2023-12-12  |w 2019-11-22  |y BK  |k CAC 
952 |0 0  |1 0  |3 erb  |4 0  |6 813_000000000000000_PEA_2004  |7 0  |8 A  |9 442980  |a BIBEDU  |b BIBEDU  |i 5335957  |o 813 PEA 2004  |p 5335957  |r 2019-11-22  |w 2019-11-22  |y BK  |z Catalogado en:20160807  |k EPE